Drużynowi Mistrzowie Polski na żużlu - Statystyki

Ogólne statystyki
  • Ten quiz został rozwiązany 59 razy
  • Średni wynik to 12 z 13
Statystyki odpowiedzi
Ile razy wygrywał Nazwa klubu % Poprawnych
18 Unia Leszno
100%
1 Motor Lublin
98%
9 Stal Gorzów
98%
7 Polonia Bydgoszcz
96%
5 Sparta Wrocław
96%
12 ROW Rybnik
94%
4 Apator Toruń
93%
7 Falubaz Zielona Góra
93%
3 Unia Tarnów
93%
2 Stal Rzeszów
89%
4 Włókniarz Częstochowa
87%
1 Polonia Piła
76%
1 PKM Warszawa
48%
Nie znaleziono quizów pasujących do podanych kryteriów
Rozkład punktacji
Procent ludzi z każdym wynikiem
Percentyl według liczby udzielonych odpowiedzi
Twoja historia wyników
Nie rozwiązałeś tego quizu